Gaming Quiz

Random Gaming or Video Games Quiz

Guess the Nintendo 64 Game in a Piano Medley (2) Quiz Stats

 Plays Quiz not verified by Sporcle

Score 0/18 Timer 11:00
0 Plays Today
Time (Start-End) Game Title % Correct
2:22 - 3:01Super Mario 64
85.9%
0:00 - 0:22Goldeneye 007
78.9%
1:10 - 1:43Kirby 64: The Crystal Shards
77.5%
9:53 - 10:33Legend of Zelda: Ocarina of Time
70.4%
7:28 - 7:57Mario Kart 64
69%
4:40 - 5:06Legend of Zelda: Ocarina of Time
63.4%
10:33 - 10:48Super Smash Bros.
63.4%
0:22 - 1:10Conker's Bad Fur Day
59.2%
6:44 - 7:28Conker's Bad Fur Day/Banjo-Kazooie
57.7%
Time (Start-End) Game Title % Correct
5:06 - 6:03Mario Party 2
42.3%
7:57 - 8:29F-Zero X
42.3%
3:01 - 3:19Castlevania 64
32.4%
1:43 - 2:22Hercules: The Legendary Journeys
29.6%
6:03 - 6:44Snowboard Kids
25.4%
8:29 - 9:16Cruis'n USA
25.4%
3:19 - 4:06San Francisco Rush 2049
21.1%
4:06 - 4:40Rush 2: Extreme Racing USA
21.1%
9:19 - 9:53San Francisco Rush 2049
21.1%

You're not logged in!

Compare scores with friends on all Sporcle quizzes.
OR
Log In

Sporcle TV

Today on Sporcle TV


Watch our educational content, quiz creation guides, and fun videos on Sporcle TV.

Show Comments

Extras

Top Quizzes Today


Score Distribution

Your Account Isn't Verified!

In order to create a playlist on Sporcle, you need to verify the email address you used during registration. Go to your Sporcle Settings to finish the process.

Report this User

Report this user for behavior that violates our Community Guidelines.

Details: